| 000 | 00707nam a22002297a 4500 | ||
|---|---|---|---|
| 005 | 20170124105934.0 | ||
| 010 | _aB-107597 | ||
| 020 |
_c00.00 _a9780070474475 |
||
| 035 | _aB-107597 | ||
| 037 | _bCen Lib/Ret | ||
| 040 |
_aDPL _bEN |
||
| 082 |
_a005.13 _bPAL |
||
| 100 |
_aBal, Harshwardhan P. _99031 |
||
| 245 |
_aPerl programming for bioinformatics / _cby Harshawardhan P. Bal |
||
| 260 |
_aNew Delhi _bTata McGraw Hill Publishing Company _c2003 |
||
| 270 |
_b New Delhi _a7 West Patel Nagar _e110020 |
||
| 300 |
_axix, 395p. _c21cm(Hb) |
||
| 500 | _aIncludes index | ||
| 650 |
_aProgramming languages _91109 |
||
| 650 |
_aBioinformatics _99032 |
||
| 942 |
_2ddc _cEN _h005.13 _mBAL |
||
| 999 |
_c124048 _d124048 |
||